Normal view MARC view

Entry Topical Term

Number of records used in: 1

001 - CONTROL NUMBER

  • control field: 17440

003 - CONTROL NUMBER IDENTIFIER

  • control field: VITAP

005 - DATE AND TIME OF LATEST TRANSACTION

  • control field: 20260430102945.0

008 - FIXED-LENGTH DATA ELEMENTS

  • fixed length control field: 260430|| aca||babn | a|a d

040 ## - CATALOGING SOURCE

  • Original cataloging agency: VITAP

150 ## - HEADING--TOPICAL TERM

  • Topical term or geographic name entry element: Trees in cities; Natural history; Urban ecology (Sociology); Natural history; Trees in cities; Urban ecology (Sociology)

Visitor Number: